Penitenciární pastorace v České republice

Bibliographic Details
Main Author: Mitáš, Václav (Author)
Format: Article
Language:Czech
Subjects:

MARC

LEADER 00000nab a2200000 ar4500
001 vtls009002343
003 SK-MaSNL
005 20260304040506.0
008 070626|2007 xo u|me|||||||00 ||cze
015 |a SNBRA2007/06 
038 |a SNKBUCL 
040 |a SNKBUCL  |b slo  |c SNKBUCL  |e AACR2 
041 0 |a cze 
044 |a xo  |c SK 
080 |a 27-46  |x (437.1/.3)  |2 2001 
100 1 |a Mitáš, Václav  |4 aut  |9 1321446 
245 1 0 |a Penitenciární pastorace v České republice  |c Václav Mitáš 
504 |a Bibliogr. odkazy 
650 0 7 |a pastorácia  |2 snkbucl  |9 1972 
650 0 7 |a penitenciárna pastorácia  |2 snkbucl  |9 1321447 
651 7 |a Česko  |2 snkbucl  |9 16753 
773 0 |t Viera v moc a moc viery. Zborník z teologickej konferencie konanej 13. marca 2007  |d Banská Bystrica : Katedra evanjelikánskej teológie a misie PF UMB, 2007  |g S. 172-195  |z 9788088945932 
852 |a SNK  |b KIS3GCP 
958 |a SK 
958 |a NT 
958 |a NB 
999 |c 2663607  |d 2665537